[Event "Split Open 2017"]
[Site "Split CRO"]
[Date "2017.08.27"]
[Round "9.21"]
[White "Bender, Ivan"]
[Black "Volman, Vaclav Jr."]
[Result "1-0"]
[WhiteElo "2264"]
[BlackElo "2026"]
[PlyCount "57"]
[EventDate "2017.08.20"]
[EventType "swiss"]
[EventRounds "9"]
[EventCountry "CRO"]
[SourceTitle "Ajedrez en Madrid"]
[Source "lmi"]
[SourceDate "2017.08.20"]
[SourceVersion "1"]
[SourceVersionDate "2018.03.10"]
[SourceQuality "1"]

1. e4 c5 2. Nf3 e6 3. d4 cxd4 4. Nxd4 a6 5. c4 Nc6 6. Nc2 Nf6 7. Nc3 Be7 8. Be2
Qc7 9. Bg5 d6 10. Qd2 Bd7 11. Ne3 Rc8 12. O-O O-O 13. Rac1 h6 14. Bf4 Ne5 15.
Bg3 Bc6 16. f4 Ng6 17. Bf3 Nd7 18. Ncd5 exd5 19. cxd5 Qb6 20. dxc6 bxc6 21. Bf2
Qb7 22. Nf5 Qb8 23. Bg4 Bf6 24. Nxh6+ gxh6 25. Bxd7 Rcd8 26. Bxc6 Qxb2 27. Rc2
Qa3 28. Bb6 Rc8 29. Rf3 1-0

[Event "Split Open 2017"]
[Site "Split CRO"]
[Date "2017.08.27"]
[Round "9.22"]
[White "Veres, Andrej"]
[Black "Marziali, Giulio"]
[Result "1-0"]
[WhiteElo "2255"]
[BlackElo "2024"]
[PlyCount "55"]
[EventDate "2017.08.20"]
[EventType "swiss"]
[EventRounds "9"]
[EventCountry "CRO"]
[SourceTitle "Ajedrez en Madrid"]
[Source "lmi"]
[SourceDate "2017.08.20"]
[SourceVersion "1"]
[SourceVersionDate "2018.03.10"]
[SourceQuality "1"]

1. d4 d5 2. Nf3 Nf6 3. c4 e6 4. Nc3 Nbd7 5. Bg5 Be7 6. e3 O-O 7. cxd5 exd5 8.
Qc2 b6 9. Bd3 Bb7 10. O-O c5 11. Rfd1 a6 12. Bf5 Re8 13. Ne5 Nf8 14. f4 c4 15.
b3 b5 16. bxc4 bxc4 17. Rab1 Rb8 18. Qa4 Qc7 19. Rd2 Bc8 20. Rxb8 Qxb8 21. Bxf6
Bxf5 22. Bxe7 Rxe7 23. Nc6 Qd6 24. Nxe7+ Qxe7 25. Nxd5 Qe4 26. Qxc4 Be6 27.
Ne7+ Kh8 28. Qd3 1-0

[Event "Split Open 2017"]
[Site "Split CRO"]
[Date "2017.08.27"]
[Round "9.34"]
[White "Matosevic, Ivica"]
[Black "Juric-Cvitanovic, Alen"]
[Result "0-1"]
[WhiteElo "2070"]
[BlackElo "1834"]
[PlyCount "60"]
[EventDate "2017.08.20"]
[EventType "swiss"]
[EventRounds "9"]
[EventCountry "CRO"]
[SourceTitle "Ajedrez en Madrid"]
[Source "lmi"]
[SourceDate "2017.08.20"]
[SourceVersion "1"]
[SourceVersionDate "2018.03.10"]
[SourceQuality "1"]

1. e4 c5 2. Nf3 Nc6 3. Bb5 g6 4. O-O Bg7 5. Nc3 Nf6 6. e5 Ng4 7. Bxc6 dxc6 8.
d3 Nxe5 9. Nxe5 Bxe5 10. Bh6 e6 11. Ne4 Qh4 12. f4 Bd4+ 13. Kh1 Qxh6 14. c3 Bg7
15. Nd6+ Ke7 16. Ne4 Rd8 17. Qe2 Kf8 18. Ng5 Kg8 19. Rf3 e5 20. Qe3 Bf5 21.
Qxc5 exf4 22. Nh3 Rxd3 23. Raf1 Rad8 24. Rxd3 Bxd3 25. Rd1 f3 26. Nf2 fxg2+ 27.
Kg1 Bf8 28. Qxa7 Qf4 29. Qb6 Rd5 30. Nxd3 Rxd3 0-1